[Event "Pereira Gildardo Garcia Memorial-A"]
[Site "Pereira"]
[Date "2022.05.18"]
[Round "1"]
[White "Cuellar Canosa, Nicolas"]
[Black "Rosales Campos, Paul"]
[Result "1-0"]
[WhiteElo "1789"]
[BlackElo "2113"]
[PlyCount "103"]
[EventDate "2022.05.18"]
[EventType "swiss"]
[EventRounds "10"]
[EventCountry "COL"]
[SourceTitle "CBM 208 Extra"]
[Source "ChessBase"]
[SourceDate "2022.07.31"]
[SourceVersion "1"]
[SourceVersionDate "2022.07.31"]
[SourceQuality "1"]

1. e4 c5 2. Ne2 e6 3. d4 cxd4 4. Nxd4 Nf6 5. Bd3 Nc6 6. Nb3 Qc7 7. Qe2 a6 8. c4 Ne5 9. Bg5 b6 10. N1d2 Bb7 11. Rc1 Nxd3+ 12. Qxd3 Bd6 13. h3 Bf4 14. Bxf4 Qxf4 15. f3 Qg3+ 16. Kf1 Nh5 17. Kg1 Nf4 18. Qf1 0-0 19. Nd4 f5 20. e5 Ng6 21. Qe1 Qxe5 22. Qxe5 Nxe5 23. Rc3 Rac8 24. Kf2 Kf7 25. Rhc1 b5 26. f4 Nxc4 27. Nxc4 bxc4 28. Rxc4 Ke7 29. g3 Kd6 30. Ke3 Rb8 31. Rd1 Bd5 32. Ra4 Rxb2 33. Rxa6+ Ke7 34. Rd2 Rxd2 35. Kxd2 Ra8 36. Rxa8 Bxa8 37. Kc3 Kd6 38. Nb5+ Kc5 39. Nc7 Bc6 40. Ne8 Kd5 41. Kd3 d6 42. Nc7+ Kc5 43. Nxe6+ Kb4 44. Nxg7 Be4+ 45. Kd4 Bb1 46. Ne8 Bxa2 47. Nxd6 Be6 48. Ke5 Bd7 49. Nxf5 Kc5 50. g4 Be8 51. Nd6 Bd7 52. f5 1-0

[Event "Mexican op 67th"]
[Site "Chihuahua City"]
[Date "2022.04.17"]
[Round "9"]
[White "Tapie Amione, Pablo Adib"]
[Black "Rosales Campos, Paul"]
[Result "1-0"]
[WhiteElo "2244"]
[BlackElo "2126"]
[PlyCount "187"]
[EventDate "2022.04.12"]
[EventType "swiss"]
[EventRounds "9"]
[EventCountry "MEX"]
[SourceTitle "CBM 207 Extra"]
[Source "ChessBase"]
[SourceDate "2022.05.31"]
[SourceVersion "1"]
[SourceVersionDate "2022.05.31"]
[SourceQuality "1"]

1. e4 c5 2. Nf3 e6 3. d4 cxd4 4. Nxd4 Nf6 5. Nc3 Nc6 6. a3 d6 7. Be2 Be7 8. Nxc6 bxc6 9. Qd3 Rb8 10. Qg3 h5 11. 0-0 e5 12. Bc4 h4 13. Qxg7 Rh7 14. Bxf7+ Kd7 15. Qg6 Qf8 16. Bb3 h3 17. g3 Kc7 18. f3 Bd7 19. Qg5 Nxe4 20. Qg8 Qxg8 21. Bxg8 Nxc3 22. Bxh7 Ne2+ 23. Kf2 Nxc1 24. Rfxc1 Rxb2 25. Rcb1 Rxb1 26. Rxb1 d5 27. a4 Bc5+ 28. Ke2 a5 29. c3 Bc8 30. g4 e4 31. fxe4 Bxg4+ 32. Kd3 dxe4+ 33. Kxe4 Bd6 34. Bf5 Bh5 35. Rb2 Bd1 36. Bxh3 Bxa4 37. Bf1 Bd1 38. Be2 Ba4 39. h4 c5 40. h5 Bc6+ 41. Kf5 Bd7+ 42. Kf6 Bf4 43. Bf3 a4 44. Rb7+ Kd6 45. Rb6+ Kc7 46. Ra6 Bb5 47. Ra8 Bd2 48. c4 Bxc4 49. Rxa4 Bd3 50. Be4 Be2 51. Kg6 Bb5 52. Ra7+ Kd6 53. h6 Be8+ 54. Kg7 Bc3+ 55. Kg8 Bd7 56. Bg6 Be6+ 57. Bf7 Bf5 58. h7 Bd3 59. Ra3 Bxh7+ 60. Kxh7 Bd4 61. Kg6 Ke5 62. Bc4 Bg1 63. Kg5 Bd4 64. Bd3 Be3+ 65. Kg4 Bg1 66. Ra4 Bf2 67. Kf3 Bd4 68. Ke2 Bg1 69. Rg4 Bd4 70. Kf3 Kf6 71. Rg6+ Ke5 72. Rg5+ Kf6 73. Rf5+ Ke6 74. Ke4 Kd6 75. Rg5 Bf6 76. Rg6 Ke6 77. Bc4+ Ke7 78. Kd5 Bd4 79. Re6+ Kd7 80. Bb5+ Kc7 81. Rc6+ Kb7 82. Ba6+ Ka7 83. Kc4 Kb8 84. Kb5 Bg1 85. Kb6 c4+ 86. Kb5 Be3 87. Rxc4 Bf2 88. Rc8+ Ka7 89. Rc7+ Ka8 90. Kc6 Bg3 91. Rg7 Be5 92. Bb7+ Ka7 93. Rg5 Bc3 94. Rg8 1-0

[Event "Iberoamerican-ch 8th"]
[Site "Mexico City"]
[Date "2022.02.15"]
[Round "5"]
[White "Rosales Campos, Paul"]
[Black "Leon Valdes, Jony Wilson"]
[Result "1/2-1/2"]
[WhiteElo "2039"]
[BlackElo "2392"]
[PlyCount "49"]
[EventDate "2022.02.12"]
[EventType "swiss"]
[EventRounds "9"]
[EventCountry "MEX"]
[SourceTitle "CBM 206 Extra"]
[Source "ChessBase"]
[SourceDate "2022.03.31"]
[SourceVersion "1"]
[SourceVersionDate "2022.03.31"]
[SourceQuality "1"]

1. e4 e6 2. d4 d5 3. Nc3 Nf6 4. Bg5 Be7 5. e5 Nfd7 6. h4 h6 7. Be3 c5 8. Qg4 g6 9. Nf3 Nc6 10. 0-0-0 cxd4 11. Bxd4 Nxd4 12. Rxd4 Qb6 13. Bd3 Nc5 14. Bxg6 fxg6 15. Qxg6+ Kd8 16. Rhd1 Bd7 17. Qg7 Re8 18. Qxh6 Kc7 19. h5 Rac8 20. Qg7 Bc6 21. h6 Nd7 22. h7 Qc5 23. Kb1 b5 24. Rh1 b4 25. Ne2 1/2-1/2

[Event "Pan American-ch Hybrid U16 31st"]
[Site "Tornelo INT"]
[Date "2021.09.04"]
[Round "8"]
[White "Jaque Gutierrez, Matias"]
[Black "Rosales Campos, Paul"]
[Result "0-1"]
[WhiteElo "2019"]
[BlackElo "1991"]
[PlyCount "82"]
[EventDate "2021.09.04"]
[EventType "swiss"]
[EventRounds "9"]
[EventCountry "NET"]
[SourceTitle "EXT 2023"]
[Source "ChessBase"]
[SourceDate "2022.10.05"]
[SourceVersion "1"]
[SourceVersionDate "2022.10.05"]
[SourceQuality "1"]

1. c4 e6 2. g3 Nf6 3. Bg2 d5 4. Nf3 Be7 5. 0-0 0-0 6. b3 c6 7. Bb2 Nbd7 8. d4 b6 9. Nbd2 Bb7 10. Qc2 Rc8 11. e4 c5 12. e5 Ng4 13. h3 Nh6 14. dxc5 Bxc5 15. Nd4 Qe7 16. Rfe1 Rfd8 17. Rac1 Nf8 18. N2f3 Ng6 19. Qb1 dxc4 20. Rxc4 Bd5 21. Rcc1 Qb7 22. Qd3 Rd7 23. Qe2 Rcd8 24. Rcd1 Nf5 25. Nxf5 exf5 26. e6 fxe6 27. Ne5 Re7 28. Nxg6 hxg6 29. Qe5 Rf7 30. Qxe6 Rd6 31. Qe8+ Kh7 32. Rxd5 Rxd5 33. Bxd5 Qxd5 34. Qe2 f4 35. g4 f3 36. Qd1 Qg5 37. Be5 Qh4 38. Re3 Bxe3 39. fxe3 f2+ 40. Kf1 Qxh3+ 41. Ke2 Qf3+ 0-1